<?xml version="1.0" encoding="UTF-8"?>
<record
    xmlns:xsi="http://www.w3.org/2001/XMLSchema-instance"
    xsi:schemaLocation="http://www.loc.gov/MARC21/slim http://www.loc.gov/standards/marcxml/schema/MARC21slim.xsd"
    xmlns="http://www.loc.gov/MARC21/slim">

  <leader>01457nam a22002777a 4500</leader>
  <datafield tag="952" ind1=" " ind2=" ">
    <subfield code="0">0</subfield>
    <subfield code="1">0</subfield>
    <subfield code="2">ddc</subfield>
    <subfield code="4">0</subfield>
    <subfield code="7">0</subfield>
    <subfield code="8">EPDF2</subfield>
    <subfield code="a">BABA</subfield>
    <subfield code="b">BABA</subfield>
    <subfield code="c">SALA2</subfield>
    <subfield code="d">1999-09-15</subfield>
    <subfield code="e">CP</subfield>
    <subfield code="i">35140387</subfield>
    <subfield code="o">345.02 H48 1996</subfield>
    <subfield code="p">BABA17060188</subfield>
    <subfield code="w">2017-06-08</subfield>
    <subfield code="y">BK</subfield>
    <subfield code="k">2017-06-08</subfield>
  </datafield>
  <datafield tag="952" ind1=" " ind2=" ">
    <subfield code="0">0</subfield>
    <subfield code="1">0</subfield>
    <subfield code="2">ddc</subfield>
    <subfield code="4">0</subfield>
    <subfield code="7">0</subfield>
    <subfield code="8">EPDF2</subfield>
    <subfield code="a">BABA</subfield>
    <subfield code="b">BABA</subfield>
    <subfield code="c">SALA2</subfield>
    <subfield code="d">1999-09-15</subfield>
    <subfield code="e">CP</subfield>
    <subfield code="i">35140798</subfield>
    <subfield code="o">345.02 H48 1996</subfield>
    <subfield code="p">BABA17060189</subfield>
    <subfield code="t">ej.2</subfield>
    <subfield code="w">2017-06-08</subfield>
    <subfield code="y">BK</subfield>
    <subfield code="k">2017-06-08</subfield>
  </datafield>
  <datafield tag="952" ind1=" " ind2=" ">
    <subfield code="0">0</subfield>
    <subfield code="1">0</subfield>
    <subfield code="2">ddc</subfield>
    <subfield code="4">0</subfield>
    <subfield code="7">0</subfield>
    <subfield code="8">EPDF2</subfield>
    <subfield code="a">BAND</subfield>
    <subfield code="b">BAND</subfield>
    <subfield code="e">CP</subfield>
    <subfield code="o">364.3 H48 1996</subfield>
    <subfield code="p">BAND17100798</subfield>
    <subfield code="y">BK</subfield>
  </datafield>
  <datafield tag="999" ind1=" " ind2=" ">
    <subfield code="c">1471</subfield>
    <subfield code="d">1471</subfield>
  </datafield>
  <controlfield tag="001">UTEA</controlfield>
  <controlfield tag="005">20240613163445.0</controlfield>
  <controlfield tag="006">g||||gr||||||01 nz</controlfield>
  <controlfield tag="007">ta</controlfield>
  <controlfield tag="008">170608b        pe||||| |||| 00| 0 esp d</controlfield>
  <datafield tag="040" ind1=" " ind2=" ">
    <subfield code="a">UTEA</subfield>
  </datafield>
  <datafield tag="041" ind1=" " ind2=" ">
    <subfield code="a">Es</subfield>
  </datafield>
  <datafield tag="044" ind1=" " ind2=" ">
    <subfield code="a">PE</subfield>
  </datafield>
  <datafield tag="082" ind1=" " ind2=" ">
    <subfield code="a">364.3</subfield>
    <subfield code="b">H48 1996</subfield>
  </datafield>
  <datafield tag="100" ind1=" " ind2=" ">
    <subfield code="a">Hidalgo Jimenez, Humberto J.</subfield>
    <subfield code="e">Autor</subfield>
  </datafield>
  <datafield tag="245" ind1=" " ind2=" ">
    <subfield code="a">Psicolog&#xED;a Forense Ra&#xED;ces Psicol&#xF3;gicas del Delito </subfield>
    <subfield code="c">Humberto J. Hidalgo Jimenez</subfield>
    <subfield code="h">[Texto Impreso]</subfield>
  </datafield>
  <datafield tag="250" ind1=" " ind2=" ">
    <subfield code="a">2da edici&#xF3;n</subfield>
  </datafield>
  <datafield tag="260" ind1=" " ind2=" ">
    <subfield code="a">Lima - Per&#xFA;</subfield>
    <subfield code="b">Editorial San Marcos</subfield>
    <subfield code="c">1996</subfield>
  </datafield>
  <datafield tag="300" ind1=" " ind2=" ">
    <subfield code="a">218 p&#xE1;ginas.</subfield>
    <subfield code="c">15.5 x 21 cm.</subfield>
    <subfield code="b">02 Ej. Abancay, 01 Ej. Andahuaylas</subfield>
  </datafield>
  <datafield tag="505" ind1=" " ind2=" ">
    <subfield code="a">Introducci&#xF3;n a la psicolog&#xED;a forense -- Conducta delictiva -- Ra&#xED;ces psicol&#xF3;gicas del delito -- Pericia psicol&#xF3;gica -- Criterio psicol&#xF3;gico de imputabilidad e inimputabilidad -- Victimolog&#xED;a -- Psicolog&#xED;a criminal&#xED;stica y simulaci&#xF3;n y disimulaci&#xF3;n -- Casos ilustrativos de peritajes psicol&#xF3;gicos.</subfield>
  </datafield>
  <datafield tag="520" ind1=" " ind2=" ">
    <subfield code="a">Esta obra constituye un valioso soporte y una fuente consulta obligada para todo aquellos profesionales ligadas ala administraci&#xF3;n de justicia. por que  las permite explicaras ,evaluar y juzgar con mayor o mejor elemento de juicio y equidad la conducta delictiva en que incurre una persona. </subfield>
  </datafield>
  <datafield tag="650" ind1=" " ind2="0">
    <subfield code="a">PSICOLOG&#xCD;A FORENSE  </subfield>
    <subfield code="9">56497</subfield>
  </datafield>
  <datafield tag="650" ind1=" " ind2="0">
    <subfield code="a">CONDUCTA DELICTIVA  </subfield>
    <subfield code="9">7370</subfield>
  </datafield>
  <datafield tag="653" ind1=" " ind2=" ">
    <subfield code="a">DERECHO </subfield>
    <subfield code="a">FORENSE  </subfield>
    <subfield code="a">DELITOS </subfield>
  </datafield>
  <datafield tag="942" ind1=" " ind2=" ">
    <subfield code="2">ddc</subfield>
    <subfield code="c">BK</subfield>
    <subfield code="z">Eber Gonzales Pariona</subfield>
    <subfield code="e">2024-06-13</subfield>
  </datafield>
</record>
